=LDR 00000nam 2200000 4500 =001 INLIS000000000046044 =005 20150213095243.0 =006 =007 =008 =020 ##$$a 979-28-0368-6 =035 ##$$0010-021500000000604 =040 ##$$a NBPDMAT =082 ##$$a 526.6 =090 ##$$a 526.6 $b Dew g =100 ##$$a Dewi Marsiyah =245 ##$$a Garis dan Kedudukannya $c Dewi Marsiyah =260 ##$$a Klaten $b Macanan Jaya Cemerlang $c 2008 =300 ##$$a iv, 68 hlm. : $b ilus. ; $c 21 cm. =500 ##$$a Bibliografi : hlm. 68 =650 ##$$a Garis =850 ##$$a NBPDMAT